L'utopie meurtrière : (Record no. 22342)
[ view plain ]
| 000 -LEADER | |
|---|---|
| fixed length control field | 00565cam a2200193 i 4500 |
| 020 ## - INTERNATIONAL STANDARD BOOK NUMBER | |
| ISBN | 2870272782 : |
| 040 ## - CATALOGING SOURCE | |
| Transcribing agency | DLC |
| 082 00 - DEWEY DECIMAL CLASSIFICATION NUMBER | |
| Classification number | 959 YAT 1989 C096 Or. |
| -- | B |
| 100 0# - MAIN ENTRY--AUTHOR NAME | |
| Personal name | Pin Yathay. |
| 245 12 - TITLE STATEMENT | |
| Title | L'utopie meurtrière : |
| Remainder of title | un rescapé du génocide cambodgien témoigne / |
| 260 ## - PUBLICATION, DISTRIBUTION, ETC. (IMPRINT) | |
| Place of publication | Paris : |
| Name of publisher | R. Laffont, |
| Year of publication | c1989. |
| 300 ## - PHYSICAL DESCRIPTION | |
| Number of Pages | 413 p., [4] leaves of plates : |
| Other physical details | ill. ; |
| Dimensions | 24 cm. |
| 490 0# - SERIES STATEMENT | |
| Series statement | Collection Vécu |
| 650 #0 - SUBJECT ADDED ENTRY--TOPICAL TERM | |
| Topical Term | Political atrocities |
| 650 #0 - SUBJECT ADDED ENTRY--TOPICAL TERM | |
| Topical Term | Political refugees |
| 650 #0 - SUBJECT ADDED ENTRY--TOPICAL TERM | |
| Topical Term | Political refugees |
| 700 1# - ADDED ENTRY--PERSONAL NAME | |
| Personal name | Maillard, Lucien, |
| 942 ## - ADDED ENTRY ELEMENTS (KOHA) | |
| Koha item type | ADB |
| 952 ## - LOCATION AND ITEM INFORMATION (KOHA) | |
| Withdrawn status [LOCAL, KOHA] | 0 |
| Permanent Location | Date acquired | Koha item type | Lost status | Shelving location | Barcode | Current Location | Full call number |
|---|---|---|---|---|---|---|---|
| Library Block C | 2023-12-06 | ADB | C096 | a06346 | Library Block C | 959 YAT 1989 C096 Or. |